000 00668nam a2200181Ia 4500
001 1764
003 GE_BSU
008 181216s||||||||xx |||||||||||||| ||und||
040 _cGE_BSU
080 _a336.1/5
245 _aსაქართველოს ახალი საგადასახადო კოდექსი.
245 _b(უახლესი ცვლილებებით და დამატებებით)
260 _aთბილისი
260 _c2011
300 _a267 გვ. 20 სმ.
653 _aახალი საგადასახო კოდექსი საქართველოს
942 _cBK
999 _c35873
_d35873